LEADER 01276nam a2200229 i 4500 001 000000364015 003 CaOOAMICUS 005 20250826081424.0 008 250826s1771 it a u000 u ita u 026 $a:eed do,e R.o- eq(3 (3) 1771 (R) 040 $aSeMil$bita 245 10$aTomo 2. 264 1$aFirenze :$bper Gio. Batista Stecchi, e Anton-Giuseppe Pagani : ad istanza di Tommaso Masi, e comp. di Livorno,$c1771. 300 $a[2], 611, [1] p., 50 carte di tav. :$bill. calcogr. ;$c4° 500 $aSegn.: ?¹ A-4F? ?G? 773 0 $aVasari, Giorgio <1511-1574>$tVite de più eccellenti pittori scultori ed architetti scritte da Giorgio Vasari pittore e architetto aretino ... Tomo 1. [- 7.].$dLivorno : per Marco Coltellini ; si vende in Firenze : per lo Stecchi e Pagani, 1767-1772.$bEdizione arricchita di note oltre quelle dell'edizione illustrata di Roma$g2$w()364012 850 $aSeMil 852 $aSeMil$W1$xVenegono$y1$m5E IV 19 FA$j260870$B254894$CSeMilBibl$Z2$F254894 $8I 941 1 $a10 996 $6245$aTomo 2$9(OLS)http://semarc/title/49331 996 $6264$aFirenze :$bper Gio. Batista Stecchi, e Anton-Giuseppe Pagani : ad istanza di Tommaso Masi, e comp. di Livorno$9(OLS)http://semarc/publisher/62517 LEADER 01888nam a2200325 i 4500 001 000000176475 003 CaOOAMICUS 005 20090222000000.0 008 090222s2006 it u000 u ita u 013 $a153964 020 $a978-2-503-51832-9 040 $aSeMil$bita 245 13$aLa prière en latin de l'antiquité au 16. siècle :$bformes, évolutions, significations /$cétudes réunis par Jean-François Cottier. 260 $aTurnhout :$bBrepols,$c2006. 300 $a519 p. ;$c24 cm. 490 0 $aCollection d'études médiévales de Nice ;$v6 500 $aAtti di una tavola rotonda riunita nel maggio 2001 e di un colloquio tenuto nel maggio 2003 a Nizza. - In testa al front. : Centre national de la recherche scientifique, Centre d'études Préhistoire, Antiquité, Moyen Age. 650 4$aPoesia cristiana latina.$0(OLS)http://semarc/subject/30960 650 4$aPreghiera - Cristianesimo - Storia - Atti di congressi.$0(OLS)http://semarc/subject/33638 650 4$aLingua latina - Aspetti religiosi.$0(OLS)http://semarc/subject/33639 700 1 $aCentre national de la recherche scientifique : Centre d'études Préhistoire, Antiquité, Moyen Age.$0(OLS)http://semarc/name/65694 700 1 $aCottier, Jean-François.$0(OLS)http://semarc/name/65696 700 1 $aCentre d'études médiévales de Nice.$0(OLS)http://semarc/name/65695 830 0$aCollection d'études médiévales de Nice ;$v6.$0(OLS)http://semarc/title/26660 850 $aSeMil 852 $aSeMil$W1$xVenegono$y1$m3K V 103$j127297$B127297$CSeMilBibl$Z2$F140839 $81 961 $aAcquisto: Brepols 996 $6020$a978-2-503-51832-9$9(OLS)http://semarc/number/165040 996 $6245$aLa prière en latin de l'antiquité au 16. siècle :$bformes, évolutions, significations$9(OLS)http://semarc/title/253305 996 $6260$aTurnhout :$bBrepols$9(OLS)http://semarc/publisher/29626